00430nam a2200145Ia 4500003000900000008004100009040001600050080002100066245009700087260003800184300001000222650001900232650001300251700002000264IN-BaIIA211028s9999 xx 000 0 eng d cIIA Library a058(540)bMAT-85 0aManorama Year Book 1985cedited by K. M. Mathew  aKeralabManorama Publishingc1985 a795p. aNASA Thesaurus aYearbook aMathew, K M. ed